000 00602nam a22001937a 4500
005 20251108170123.0
008 250721s1994 xx 000 0 ara d
082 1 4 _a364/حيد
100 1 _aحيدر، زوار رياض
245 1 0 _aالجرائم التي أفرزتها الحياة المعاصرة /
264 1 _aبيروت :
_bدار ميرزا،
_c1994.
300 _a188ص
650 1 7 _aالجريمة
650 1 7 _aالمشاكل الإجتماعية
650 1 7 _aالجرائم ضد الأفراد
650 1 7 _aالفساد الأخلاقي
942 _2ddc
_cBK
999 _c40243
_d40243